[Event "Kvika Reykjavik Open 2022"]
[Site "Reykjavik, Iceland"]
[Date "2022.04.07"]
[Round "2.19"]
[White "Dougherty, Michael"]
[Black "Larkin, Vladyslav"]
[Result "0-1"]
[WhiteElo "2066"]
[BlackElo "2424"]
[PlyCount "90"]
[EventDate "2022.??.??"]

1. Nf3 {[%eval 29,0]} c5 {[%eval 13,0]} 2. c4 {[%eval 31,0]} g6 {[%eval 5,0]}
3. g3 {[%eval 13,0]} Bg7 {[%eval 24,0]} 4. Bg2 {[%eval 9,0]} Nc6 {[%eval 12,0]}
5. Nc3 {[%eval 0,0]} Nh6 {[%eval 36,0]} 6. h4 {[%eval 35,0]} d6 {[%eval 31,0]}
7. h5 {[%eval 35,0]} Bg4 {[%eval 7,0]} 8. d3 {[%eval 49,0]} Qd7 {[%eval 63,0]}
9. Bxh6 $6 {[%eval 21,0] Inaccuracy. Rb1 was best.} (9. Rb1) 9... Bxh6 {
[%eval 32,0]} 10. hxg6 {[%eval 31,0]} hxg6 {[%eval 66,0]} 11. Qc1 {[%eval 56,0]
} Bh5 {[%eval 69,0]} 12. Qd1 {[%eval 62,0]} O-O-O {[%eval 77,0]} 13. Nd5 {
[%eval -91,0]} Bg7 {[%eval -79,0]} 14. Rb1 {[%eval 88,0]} Bxf3 {[%eval 46,0]}
15. Bxf3 {[%eval 41,0]} Nd4 {[%eval 12,0]} 16. e3 $2 {[%eval -82,0] Mistake.
Bg2 was best.} (16. Bg2) 16... Nxf3+ {[%eval -96,0]} 17. Qxf3 {[%eval -82,0]}
Rxh1+ {[%eval -68,0]} 18. Qxh1 {[%eval -87,0]} e6 {[%eval -82,0]} 19. Nc3 {
[%eval -97,0]} d5 {[%eval -87,0]} 20. cxd5 {[%eval -96,0]} exd5 {[%eval -84,0]}
21. Rc1 {[%eval 98,0]} Kb8 {[%eval -71,0]} 22. Qh4 $6 {[%eval -12,0]
Inaccuracy. Nd1 was best.} (22. Nd1 b6) 22... d4 {[%eval -189,0]} 23. Nb5 {
[%eval -158,0]} a6 {[%eval -185,0]} 24. Qf4+ {[%eval -16,0]} Ka8 {[%eval -89,0]
} 25. Nc7+ {[%eval -173,0]} Ka7 {[%eval -187,0]} 26. Rxc5 {[%eval -41,0]} dxe3
$4 {[%eval 19,0] Blunder. g5 was best.} (26... g5 27. Qf5 dxe3 28. fxe3 Qd6 29.
Kf2 Rh8 30. Nxa6 Kxa6 31. d4 Ka7 32. Qxg5 Bf6 33. Qd5) 27. Rd5 {[%eval 24,0]}
Qe7 {[%eval 13,0]} 28. Qxe3+ {[%eval 13,0]} Qxe3+ {[%eval 6,0]} 29. fxe3 {
[%eval 19,0]} Rc8 30. Rd7 Be5 31. Nd5 Rc2 32. g4 Rxb2 33. a4 Ra2 34. Rxf7 Bg3+
35. Kd1 Rxa4 36. d4 a5 37. Kc2 Rc4+ 38. Kd3 Rc1 39. Nc3 Be1 40. Nb5+ Ka6 41.
Nd6 a4 42. Nxb7 a3 43. Nc5+ Rxc5 44. dxc5 a2 45. Rf8 Ka7 0-1

[Event "Kvika Reykjavik Open 2022"]
[Site "Reykjavik, Iceland"]
[Date "2022.04.07"]
[Round "2.20"]
[White "George Samir, David"]
[Black "Thorfinnsson, Bragi"]
[Result "1/2-1/2"]
[WhiteElo "2003"]
[BlackElo "2419"]
[PlyCount "84"]
[EventDate "2022.??.??"]

1. e4 {[%eval 33,0]} c5 {[%eval 32,0]} 2. Nf3 {[%eval 0,0]} Nc6 {[%eval 0,0]}
3. d4 {[%eval 36,0]} cxd4 {[%eval 38,0]} 4. Nxd4 {[%eval 29,0]} e5 {[%eval 36,
0]} 5. Nb5 {[%eval 17,0]} d6 {[%eval 47,0]} 6. N1c3 {[%eval 28,0]} a6 {[%eval
0,0]} 7. Na3 {[%eval 43,0]} b5 {[%eval 36,0]} 8. Nd5 {[%eval 54,0]} Be6 $2 {
[%eval 175,0] Mistake. Nf6 was best.} (8... Nf6) 9. c4 {[%eval 121,0]} b4 {
[%eval 175,0]} 10. Nc2 {[%eval 134,0]} Rb8 {[%eval 148,0]} 11. h4 {[%eval 111,
0]} Be7 {[%eval 100,0]} 12. g3 {[%eval 102,0]} Nf6 {[%eval 96,0]} 13. Bg2 {
[%eval 101,0]} Nd7 {[%eval 100,0]} 14. b3 {[%eval 96,0]} Nc5 {[%eval 73,0]} 15.
O-O {[%eval 76,0]} O-O {[%eval 85,0]} 16. Be3 {[%eval 94,0]} Qd7 {[%eval 106,0]
} 17. Kh2 {[%eval 84,0]} a5 {[%eval 64,0]} 18. Qe1 {[%eval 74,0]} Bd8 {[%eval
79,0]} 19. f4 {[%eval 68,0]} exf4 {[%eval 75,0]} 20. gxf4 {[%eval 72,0]} a4 {
[%eval 69,0]} 21. Bxc5 {[%eval 53,0]} dxc5 {[%eval 78,0]} 22. Rd1 {[%eval 46,0]
} Qc8 {[%eval 81,0]} 23. f5 {[%eval 53,0]} Bxd5 {[%eval 53,0]} 24. exd5 {
[%eval 44,0]} Na5 {[%eval 5,0]} 25. Qg3 {[%eval 53,0]} Bf6 {[%eval 7,0]} 26.
Ne3 $6 {[%eval 0,0] Inaccuracy. d6 was best.} (26. d6 Qd8 27. h5 Kh8 28. Rd5
Bc3 29. Rb1 f6 30. Kh1 axb3 31. axb3 Be5 32. Qd3 Nb7) 26... Qd8 {[%eval 17,0]}
27. h5 $2 {[%eval -63,0] Mistake. Ng4 was best.} (27. Ng4) 27... Bh4 {[%eval
-42,0]} 28. Qh3 {[%eval -92,0]} axb3 {[%eval -8,0]} 29. axb3 {[%eval -23,0]}
Nxb3 {[%eval -22,0]} 30. h6 $6 {[%eval -149,0] Inaccuracy. Ng4 was best.} (30.
Ng4 Nd4) 30... Qd6+ {[%eval -173,0]} 31. Kh1 {[%eval -173,0]} Qxh6 {[%eval -3,
0]} 32. Ng4 {[%eval -197,0]} Qg5 {[%eval -200,0]} 33. Nh2 {[%eval -171,0]} Bg3
$4 {[%eval 6,0] Blunder. Nd4 was best.} (33... Nd4 34. Rxd4) 34. Ng4 $4 {
[%eval -359,0] Blunder. Nf3 was best.} (34. Nf3) 34... Bd6 $2 {[%eval -165,0]
Mistake. Bf4 was best.} (34... Bf4 35. f6) 35. f6 $6 {[%eval -246,0]
Inaccuracy. Nf2 was best.} (35. Nf2 Rfe8 36. Ne4 Rxe4 37. Bxe4 Nd2 38. Rg1 Qe7
39. Bd3 Ne4 40. Rdf1 Qe5 41. Rf3 b3) 35... g6 {[%eval -293,0]} 36. Nf2 {
[%eval -369,0]} Qh5 $4 {[%eval 4,0] Blunder. Rfe8 was best.} (36... Rfe8 37.
Ne4 Rxe4 38. Bxe4 Nd2 39. Rg1 Qe5 40. Bxg6 hxg6 41. Rxd2 Qe4+ 42. Rdg2 b3 43.
Qg4) 37. Qxh5 gxh5 38. Ne4 Be5 39. Rb1 Na5 40. Nxc5 Nxc4 41. Nd7 b3 42. Be4 Bd4
1/2-1/2

[Event "Kvika Reykjavik Open 2022"]
[Site "Reykjavik, Iceland"]
[Date "2022.04.07"]
[Round "2.22"]
[White "Garbuz, Vitaliy"]
[Black "Andersen, Mads"]
[Result "0-1"]
[WhiteElo "2142"]
[BlackElo "2582"]
[PlyCount "76"]
[EventDate "2022.??.??"]

1. e4 {[%eval 33,0]} e5 {[%eval 12,0]} 2. Nf3 {[%eval 19,0]} Nc6 {[%eval 32,0]}
3. Nc3 {[%eval 17,0]} Nf6 {[%eval 13,0]} 4. d4 {[%eval 0,0]} exd4 {[%eval 21,0]
} 5. Nd5 $6 {[%eval 33,0] Inaccuracy. Nxd4 was best.} (5. Nxd4 Bb4 6. Nxc6 bxc6
7. Bd3 d5 8. exd5 cxd5 9. O-O O-O) 5... Nb4 {[%eval 31,0]} 6. Bc4 {[%eval 24,0]
} Nbxd5 {[%eval 21,0]} 7. exd5 {[%eval 46,0]} Bb4+ {[%eval 23,0]} 8. Kf1 $6 {
[%eval 9,0] Inaccuracy. Bd2 was best.} (8. Bd2 Bxd2+ 9. Qxd2 Qe7+ 10. Qe2 d3
11. cxd3 b5 12. Bb3 Bb7) 8... Bc5 {[%eval 7,0]} 9. Qe1+ {[%eval 98,0]} Qe7 $6 {
[%eval 2,0] Inaccuracy. Be7 was best.} (9... Be7 10. Nxd4) 10. Bg5 {[%eval 26,
0]} O-O {[%eval 0,0]} 11. Qxe7 {[%eval 9,0]} Bxe7 {[%eval 2,0]} 12. Re1 {
[%eval 29,0]} Bb4 {[%eval 29,0]} 13. Re2 {[%eval 6,0]} b5 {[%eval 15,0]} 14.
Bxb5 {[%eval 28,0]} Nxd5 {[%eval 2,0]} 15. Nxd4 {[%eval 2,0]} h6 {[%eval 6,0]}
16. Bc1 {[%eval 12,0]} Rb8 {[%eval 3,0]} 17. Bd3 $6 {[%eval 82,0] Inaccuracy.
Bc4 was best.} (17. Bc4) 17... Bc5 {[%eval 86,0]} 18. Nb3 {[%eval 69,0]} Bd6 {
[%eval 36,0]} 19. Bd2 $6 {[%eval 96,0] Inaccuracy. c3 was best.} (19. c3 Nf4
20. Bxf4 Bxf4 21. h4 d6 22. Nd4 Bd7 23. Bf5 Be8 24. Be4 Be5 25. Nc6 Bxc6) 19...
Nb4 {[%eval 85,0]} 20. Bxb4 {[%eval 69,0]} Rxb4 {[%eval 79,0]} 21. f3 {[%eval
79,0]} c5 {[%eval 38,0]} 22. Re4 {[%eval 86,0]} Bb7 {[%eval -100,0]} 23. Rxb4 {
[%eval -95,0]} cxb4 {[%eval -78,0]} 24. Kf2 {[%eval 89,0]} Be5 {[%eval 88,0]}
25. Na5 {[%eval -98,0]} Ba8 {[%eval 93,0]} 26. Re1 $2 {[%eval -175,0] Mistake.
Rd1 was best.} (26. Rd1 d5 27. Rb1 Re8 28. Nb3 Bc6 29. Nc1 g6 30. Ne2 h5 31. c3
bxc3 32. bxc3 Bxh2) 26... Bxb2 {[%eval -149,0]} 27. Re7 {[%eval -155,0]} Rd8 {
[%eval -155,0]} 28. Bb5 {[%eval -168,0]} Bd5 29. Rxd7 Rxd7 30. Bxd7 Bd4+ 31.
Ke2 Bb6 32. Nb3 Bc4+ 33. Ke1 Kf8 34. Bf5 a5 35. Bd3 Be6 36. Bb5 Ke7 37. Ke2 Kd6
38. g4 Ke5 0-1

[Event "Kvika Reykjavik Open 2022"]
[Site "Reykjavik, Iceland"]
[Date "2022.04.07"]
[Round "2.23"]
[White "Williams, Simon K"]
[Black "Mai, Alexander Oliver"]
[Result "1-0"]
[WhiteElo "2464"]
[BlackElo "2177"]
[PlyCount "143"]
[EventDate "2022.??.??"]

1. d4 {[%eval 3,0]} Nf6 {[%eval 23,0]} 2. Bg5 {[%eval 0,0]} d5 {[%eval 0,0]} 3.
Bxf6 {[%eval 0,0]} exf6 {[%eval 0,0]} 4. e3 {[%eval 0,0]} c6 {[%eval 5,0]} 5.
Nd2 {[%eval 9,0]} Be6 {[%eval 17,0]} 6. Bd3 {[%eval 9,0]} Nd7 {[%eval 9,0]} 7.
Ne2 {[%eval 21,0]} f5 {[%eval 11,0]} 8. c4 {[%eval 6,0]} dxc4 {[%eval 7,0]} 9.
Bxc4 {[%eval 0,0]} Bxc4 {[%eval 6,0]} 10. Nxc4 {[%eval 4,0]} Nb6 {[%eval 23,0]}
11. Qb3 {[%eval 13,0]} Nxc4 {[%eval 9,0]} 12. Qxc4 {[%eval 5,0]} Qd7 {[%eval 8,
0]} 13. O-O {[%eval 25,0]} Bd6 {[%eval 26,0]} 14. Rab1 {[%eval 25,0]} a5 {
[%eval 55,0]} 15. Rfd1 {[%eval 45,0]} Rd8 {[%eval 58,0]} 16. Nc3 {[%eval 73,0]}
O-O {[%eval 78,0]} 17. d5 {[%eval 77,0]} Qc7 {[%eval 87,0]} 18. g3 {[%eval 75,
0]} cxd5 {[%eval 102,0]} 19. Qxc7 {[%eval 154,0]} Bxc7 {[%eval 155,0]} 20. Nxd5
{[%eval 136,0]} Bd6 {[%eval 107,0]} 21. Rd3 $6 {[%eval 96,0] Inaccuracy. Nb6
was best.} (21. Nb6) 21... Kh8 $2 {[%eval 231,0] Mistake. Bc5 was best.} (21...
Bc5) 22. Rbd1 {[%eval 186,0]} Be5 {[%eval 169,0]} 23. b3 $6 {[%eval 112,0]
Inaccuracy. Rb3 was best.} (23. Rb3) 23... Rd6 {[%eval 106,0]} 24. a4 $6 {
[%eval 7,0] Inaccuracy. Ne7 was best.} (24. Ne7 Rxd3) 24... g6 {[%eval 63,0]}
25. Kg2 {[%eval 26,0]} Rc8 {[%eval 37,0]} 26. h3 {[%eval 12,0]} h5 {[%eval 21,
0]} 27. f4 {[%eval 0,0]} Bg7 {[%eval 4,0]} 28. Kf3 {[%eval 16,0]} Bf8 {[%eval
4,0]} 29. g4 {[%eval 1,0]} hxg4+ {[%eval 0,0]} 30. hxg4 {[%eval 0,0]} fxg4+ {
[%eval 6,0]} 31. Kxg4 {[%eval 0,0]} f5+ {[%eval 0,0]} 32. Kf3 {[%eval 0,0]}
Rcd8 {[%eval 33,0]} 33. Ke2 {[%eval 11,0]} Kg7 {[%eval 15,0]} 34. Nc7 {[%eval
0,0]} Kf7 {[%eval 0,0]} 35. Nb5 {[%eval 0,0]} Rxd3 {[%eval 0,0]} 36. Rxd3 {
[%eval 0,0]} Rxd3 {[%eval 0,0]} 37. Kxd3 {[%eval 0,0]} Bc5 {[%eval 0,0]} 38.
Nd4 {[%eval 0,0]} b6 {[%eval 0,0]} 39. Nf3 {[%eval 0,0]} Bd6 {[%eval 0,0]} 40.
Kc4 {[%eval 0,0]} Ke6 {[%eval 0,0]} 41. Nd4+ {[%eval 0,0]} Kf6 {[%eval 0,0]}
42. Nf3 {[%eval 0,0]} Bc5 {[%eval 0,0]} 43. Kd3 {[%eval 0,0]} Bd6 {[%eval 0,0]}
44. Ng5 {[%eval 0,0]} Ba3 {[%eval 0,0]} 45. Nf3 {[%eval 0,0]} Bd6 {[%eval 0,0]}
46. Nd2 {[%eval 0,0]} g5 {[%eval 0,0]} 47. fxg5+ {[%eval 0,0]} Kxg5 {[%eval 0,
0]} 48. e4 {[%eval 2,0]} f4 {[%eval 0,0]} 49. Nf3+ {[%eval 0,0]} Kg4 {[%eval
17,0]} 50. e5 {[%eval 0,0]} Bc5 {[%eval 27,0]} 51. Ke4 {[%eval 31,0]} Kg3 {
[%eval 31,0]} 52. e6 {[%eval 32,0]} Kg4 {[%eval 31,0]} 53. Ne5+ {[%eval 25,0]}
Kg3 54. Ng6 f3 55. e7 f2 56. e8=Q f1=Q 57. Qe5+ Kf2 58. Qf6+ Ke1 59. Qc3+ Kd1
60. Qa1+ Ke2 61. Nf4+ Kf2 62. Nd3+ Kg2 63. Qxf1+ Kxf1 64. Nxc5 bxc5 65. Kd5 Ke2
66. Kxc5 Kd3 67. b4 axb4 68. Kxb4 Kd4 69. a5 Kd5 70. Kb5 Kd6 71. Kb6 Kd7 72.
Kb7 1-0

[Event "Kvika Reykjavik Open 2022"]
[Site "Reykjavik, Iceland"]
[Date "2022.04.07"]
[Round "2.25"]
[White "Romanishin, Oleg M"]
[Black "Marie, Maxime"]
[Result "0-1"]
[WhiteElo "2415"]
[BlackElo "2150"]
[PlyCount "63"]
[EventDate "2022.??.??"]

1. d4 {[%eval 3,0]} Nf6 {[%eval 23,0]} 2. Nf3 {[%eval 12,0]} e6 {[%eval 27,0]}
3. g3 {[%eval 14,0]} b5 {[%eval 13,0]} 4. Bg5 {[%eval 4,0]} Bb7 {[%eval 18,0]}
5. Bg2 {[%eval 0,0]} c5 {[%eval 17,0]} 6. Bxf6 {[%eval 23,0]} Qxf6 {[%eval 38,
0]} 7. c3 {[%eval 17,0]} g5 $6 {[%eval 91,0] Inaccuracy. d5 was best.} (7... d5
8. O-O Nd7 9. Nbd2 Rc8 10. Re1 Qd8 11. e4 Be7 12. Qe2 dxe4 13. Nxe4 Qb6 14.
dxc5) 8. O-O {[%eval 98,0]} h5 {[%eval 106,0]} 9. Nbd2 {[%eval 56,0]} h4 {
[%eval 28,0]} 10. e4 {[%eval 91,0]} cxd4 {[%eval 6,0]} 11. cxd4 {[%eval 65,0]}
Bb4 $6 {[%eval 162,0] Inaccuracy. Nc6 was best.} (11... Nc6 12. d5) 12. Rc1 {
[%eval 158,0]} hxg3 {[%eval 182,0]} 13. fxg3 {[%eval 162,0]} g4 $2 {[%eval 327,
0] Mistake. Qh6 was best.} (13... Qh6 14. Ne5 f5 15. Ndf3 Nc6 16. Rxc6 g4 17.
Rc2 gxf3 18. Bxf3 fxe4 19. Qe2 exf3 20. Qxb5) 14. Ne5 {[%eval 352,0]} Qh6 {
[%eval 315,0]} 15. Nxg4 $4 {[%eval -165,0] Blunder. Rf4 was best.} (15. Rf4
Qxh2+ 16. Kf2 Qh7 17. Rc7 Ba6 18. Qc1 Ba5 19. Nxg4 Kd8 20. Rc2 Bb7 21. Ne5 Rf8)
15... Qxd2 {[%eval -154,0]} 16. Qxd2 {[%eval -158,0]} Bxd2 {[%eval -143,0]} 17.
Rc7 {[%eval -142,0]} Ba6 {[%eval -148,0]} 18. d5 {[%eval -195,0]} Ba5 {[%eval
-131,0]} 19. Rcc1 {[%eval -132,0]} b4 {[%eval -284,0]} 20. Rf3 {[%eval -208,0]}
d6 {[%eval -209,0]} 21. e5 {[%eval -395,0]} Nd7 {[%eval -396,0]} 22. exd6 {
[%eval -355,0]} O-O {[%eval -205,0]} 23. Nh6+ Kg7 24. Rxf7+ Rxf7 25. Nxf7 Bb6+
26. Kh1 exd5 27. Bxd5 Rf8 28. Ng5 Rf5 29. Ne6+ Kf6 30. Nc7 Rf1+ 31. Rxf1+ Bxf1
32. Bc6 0-1

[Event "Kvika Reykjavik Open 2022"]
[Site "Reykjavik, Iceland"]
[Date "2022.04.07"]
[Round "2.26"]
[White "Mai, Aron Thor"]
[Black "Baskin, Robert"]
[Result "1/2-1/2"]
[WhiteElo "2081"]
[BlackElo "2393"]
[PlyCount "110"]
[EventDate "2022.??.??"]

1. e4 {[%eval 33,0]} c6 {[%eval 56,0]} 2. Nc3 {[%eval 26,0]} d5 {[%eval 24,0]}
3. Nf3 {[%eval 0,0]} dxe4 {[%eval 47,0]} 4. Nxe4 {[%eval 25,0]} Nf6 {[%eval 24,
0]} 5. Nxf6+ {[%eval 29,0]} exf6 {[%eval 32,0]} 6. Bc4 {[%eval 15,0]} Bd6 {
[%eval 32,0]} 7. Qe2+ {[%eval 33,0]} Be7 {[%eval 25,0]} 8. O-O {[%eval 45,0]}
O-O {[%eval 27,0]} 9. h3 {[%eval 18,0]} Nd7 {[%eval 33,0]} 10. d4 {[%eval 38,0]
} Bd6 {[%eval 61,0]} 11. Re1 {[%eval 87,0]} Qc7 {[%eval 63,0]} 12. c3 {[%eval
56,0]} Rd8 {[%eval 74,0]} 13. Bb3 {[%eval 46,0]} Nf8 {[%eval 52,0]} 14. Nd2 {
[%eval 25,0]} Be6 {[%eval 28,0]} 15. Ne4 {[%eval 53,0]} Re8 {[%eval 31,0]} 16.
Nxd6 {[%eval 12,0]} Qxd6 {[%eval 2,0]} 17. Be3 {[%eval 17,0]} Ng6 $6 {[%eval
109,0] Inaccuracy. Bxb3 was best.} (17... Bxb3 18. axb3 a6 19. Rad1 Rad8 20. c4
h6 21. Qd2 Ng6 22. Qa5 Qb8 23. d5 cxd5 24. Rxd5) 18. Bc2 {[%eval 77,0]} Qd5 {
[%eval 8,0]} 19. Bb3 {[%eval 78,0]} Qd7 {[%eval 107,0]} 20. Bc2 $6 {[%eval 44,
0] Inaccuracy. c4 was best.} (20. c4) 20... Bf5 {[%eval 51,0]} 21. Bxf5 {
[%eval 7,0]} Qxf5 {[%eval 1,0]} 22. Qg4 {[%eval 0,0]} Qd5 {[%eval 2,0]} 23. Kh2
$6 {[%eval 75,0] Inaccuracy. Qd1 was best.} (23. Qd1 b5) 23... h5 {[%eval 42,0]
} 24. Qf3 {[%eval 62,0]} Qxf3 {[%eval 75,0]} 25. gxf3 {[%eval 84,0]} f5 {
[%eval 45,0]} 26. f4 {[%eval 6,0]} Re6 $6 {[%eval 12,0] Inaccuracy. Re4 was
best.} (26... Re4 27. Kg3 Rae8 28. Red1 Ne7 29. c4 g5 30. d5 Rxc4 31. dxc6 Ng6
32. Bxa7 gxf4+ 33. Kh2) 27. Kg3 {[%eval 0,0]} Rae8 {[%eval 0,0]} 28. Rad1 {
[%eval 0,0]} Re4 {[%eval 8,0]} 29. Bd2 {[%eval 0,0]} b5 {[%eval 9,0]} 30. a4 {
[%eval 34,0]} bxa4 {[%eval 0,0]} 31. Rxe4 {[%eval 0,0]} fxe4 $6 {[%eval 59,0]
Inaccuracy. Rxe4 was best.} (31... Rxe4 32. Kf3 Nh4+ 33. Kg3) 32. Ra1 {[%eval
79,0]} Ne7 {[%eval 82,0]} 33. Rxa4 {[%eval 116,0]} Nf5+ {[%eval 74,0]} 34. Kg2
{[%eval 97,0]} Nh4+ {[%eval 61,0]} 35. Kf1 {[%eval 39,0]} Nf3 {[%eval 38,0]}
36. Bc1 {[%eval 11,0]} Re6 {[%eval 12,0]} 37. f5 {[%eval 2,0]} Rf6 {[%eval 0,0]
} 38. Rxa7 {[%eval 17,0]} Rxf5 $2 {[%eval 128,0] Mistake. g6 was best.} (38...
g6) 39. Re7 {[%eval 116,0]} Ra5 {[%eval 134,0]} 40. Re8+ {[%eval 129,0]} Kh7 {
[%eval 125,0]} 41. Rxe4 {[%eval 139,0]} Ra1 {[%eval 162,0]} 42. Kg2 {[%eval
138,0]} f5 {[%eval 127,0]} 43. Re6 $2 {[%eval 0,0] Mistake. Re7 was best.} (43.
Re7 Nxd4 44. Bg5 Nc2 45. Kg3 c5 46. Rd7 Kg6 47. Rd6+ Kh7 48. Rc6 Rg1+ 49. Kf4
Rg2) 43... Nxd4 {[%eval 0,0]} 44. cxd4 {[%eval 0,0]} Rxc1 {[%eval 0,0]} 45. h4
{[%eval 8,0]} Rc4 {[%eval 0,0]} 46. Kg3 {[%eval 0,0]} Rxd4 {[%eval 0,0]} 47.
Rxc6 {[%eval 0,0]} Rg4+ {[%eval 0,0]} 48. Kh3 {[%eval 0,0]} Rb4 {[%eval 8,0]}
49. Rc5 {[%eval 0,0]} Kg6 {[%eval 5,0]} 50. Rc6+ {[%eval 0,0]} Kf7 {[%eval 16,
0]} 51. Rc7+ {[%eval 0,0]} Kf6 {[%eval 0,0]} 52. Rc2 {[%eval 9,0]} Ke5 {
[%eval 8,0]} 53. Kg3 {[%eval 0,0]} Rb3+ 54. Kg2 Rb4 55. Kg3 Rb3+ 1/2-1/2

[Event "Kvika Reykjavik Open 2022"]
[Site "Reykjavik, Iceland"]
[Date "2022.04.07"]
[Round "2.27"]
[White "Tania, Sachdev"]
[Black "Johannsson, Birkir Isak"]
[Result "1-0"]
[WhiteElo "2392"]
[BlackElo "2117"]
[PlyCount "61"]
[EventDate "2022.??.??"]

1. d4 {[%eval 3,0]} d5 {[%eval 35,0]} 2. c4 {[%eval 36,0]} e6 {[%eval 3,0]} 3.
Nf3 {[%eval 0,0]} Nf6 {[%eval 17,0]} 4. Nc3 {[%eval 0,0]} c6 {[%eval 36,0]} 5.
Bg5 {[%eval 12,0]} Nbd7 {[%eval 34,0]} 6. cxd5 {[%eval 45,0]} exd5 {[%eval 33,
0]} 7. e3 {[%eval 34,0]} h6 {[%eval 37,0]} 8. Bh4 {[%eval 37,0]} g5 {[%eval 29,
0]} 9. Bg3 {[%eval 49,0]} Nh5 {[%eval 42,0]} 10. Be5 {[%eval 22,0]} Nhf6 {
[%eval 45,0]} 11. Bd3 {[%eval 15,0]} Nxe5 {[%eval 7,0]} 12. Nxe5 {[%eval 11,0]}
Bg7 $6 {[%eval 100,0] Inaccuracy. Nd7 was best.} (12... Nd7 13. Nf3 g4 14. Ng1
h5 15. Qc2 Qe7 16. h3 Nb6 17. O-O-O gxh3 18. Nxh3 Bd7 19. Bf5) 13. O-O {
[%eval 97,0]} Qe7 {[%eval 122,0]} 14. f4 {[%eval 119,0]} Be6 {[%eval 114,0]}
15. Qa4 {[%eval 118,0]} O-O {[%eval 127,0]} 16. Rae1 {[%eval 125,0]} c5 {
[%eval 126,0]} 17. Bb1 {[%eval 125,0]} Rfe8 {[%eval 126,0]} 18. a3 {[%eval 132,
0]} a6 {[%eval 133,0]} 19. Qc2 {[%eval 119,0]} Rec8 $4 {[%eval 303,0] Blunder.
Rad8 was best.} (19... Rad8 20. fxg5 hxg5 21. Rf2 Ne4 22. Nxe4 dxe4 23. Qxe4 f5
24. Rxf5 Bxf5 25. Qxf5 Bxe5 26. dxe5) 20. Qf2 $4 {[%eval 136,0] Blunder. fxg5
was best.} (20. fxg5 hxg5) 20... gxf4 {[%eval 148,0]} 21. Qxf4 {[%eval 145,0]}
Nd7 {[%eval 161,0]} 22. Nf3 {[%eval 136,0]} Qf6 $2 {[%eval 254,0] Mistake. Nf6
was best.} (22... Nf6 23. Ne5 Rc7 24. Qg3 Rd8 25. Kh1 Nh5 26. Qf2 Bxe5 27. dxe5
Qg5 28. g4 Ng7 29. Qc2) 23. Qg3 {[%eval 282,0]} Re8 {[%eval 244,0]} 24. Ba2 $6
{[%eval 155,0] Inaccuracy. Ne2 was best.} (24. Ne2 cxd4) 24... c4 $2 {[%eval
286,0] Mistake. Qg6 was best.} (24... Qg6 25. Qd6) 25. e4 $6 {[%eval 174,0]
Inaccuracy. Bb1 was best.} (25. Bb1 Rad8 26. e4 Qg6 27. Qf2 dxe4 28. Rxe4 Qh5
29. Rf4 Nf6 30. h3 Qa5 31. Ne5 Rxd4) 25... dxe4 $4 {[%eval 483,0] Blunder. Qg6
was best.} (25... Qg6 26. Qf2) 26. Nxe4 {[%eval 482,0]} Qd8 {[%eval 486,0]} 27.
Nd6 {[%eval 548,0]} Rf8 {[%eval 600,0]} 28. d5 Qb6+ 29. Kh1 Bxd5 30. Nf5 Qxb2
31. Re5 1-0

[Event "Kvika Reykjavik Open 2022"]
[Site "Reykjavik, Iceland"]
[Date "2022.04.07"]
[Round "2.28"]
[White "Foerster-Yialamas, Lucas"]
[Black "Grieve, Harry"]
[Result "0-1"]
[WhiteElo "2075"]
[BlackElo "2387"]
[PlyCount "120"]
[EventDate "2022.??.??"]

1. e4 {[%eval 33,0]} c6 {[%eval 56,0]} 2. d4 {[%eval 3,0]} d5 {[%eval 49,0]} 3.
e5 {[%eval 28,0]} Bf5 {[%eval 5,0]} 4. h4 {[%eval 33,0]} h5 {[%eval 35,0]} 5.
Bd3 {[%eval 15,0]} Bxd3 {[%eval 19,0]} 6. Qxd3 {[%eval 43,0]} Qa5+ {[%eval 26,
0]} 7. Nd2 {[%eval 2,0]} e6 {[%eval 13,0]} 8. Ngf3 {[%eval 42,0]} Nh6 {[%eval
46,0]} 9. O-O {[%eval 59,0]} Nf5 {[%eval 52,0]} 10. c4 {[%eval 3,0]} Be7 {
[%eval 7,0]} 11. g3 {[%eval 5,0]} O-O {[%eval 0,0]} 12. Rd1 {[%eval 18,0]} Qa6
{[%eval 1,0]} 13. b3 $6 {[%eval 45,0] Inaccuracy. Qc3 was best.} (13. Qc3 Nd7)
13... c5 {[%eval 41,0]} 14. Bb2 {[%eval 47,0]} Nc6 {[%eval 49,0]} 15. dxc5 {
[%eval 7,0]} Bxc5 {[%eval 56,0]} 16. Kg2 {[%eval 77,0]} Rfd8 {[%eval 71,0]} 17.
Qf1 {[%eval 24,0]} Nb4 {[%eval 23,0]} 18. cxd5 {[%eval 6,0]} Qxf1+ {[%eval 66,
0]} 19. Nxf1 {[%eval 51,0]} Nxd5 {[%eval 5,0]} 20. Rac1 {[%eval 46,0]} Rac8 {
[%eval 7,0]} 21. a3 {[%eval 87,0]} a5 $6 {[%eval 34,0] Inaccuracy. Nh6 was
best.} (21... Nh6 22. Rd2 Bb6 23. Rc4 Ng4 24. Bd4 Bxd4 25. Rdxd4 b5 26. Rxc8
Rxc8 27. a4 a6 28. axb5) 22. Rd2 {[%eval 24,0]} Ba7 {[%eval 38,0]} 23. Rc4 {
[%eval 73,0]} b5 {[%eval 65,0]} 24. Re4 $6 {[%eval -75,0] Inaccuracy. Rxc8 was
best.} (24. Rxc8 Rxc8) 24... Rd7 {[%eval -78,0]} 25. Ne1 {[%eval -61,0]} Rdc7 {
[%eval -79,0]} 26. g4 $6 {[%eval -178,0] Inaccuracy. Rd3 was best.} (26. Rd3)
26... hxg4 {[%eval -171,0]} 27. Rxg4 {[%eval -189,0]} a4 {[%eval -176,0]} 28.
Ng3 {[%eval -153,0]} Nh6 $2 {[%eval -99,0] Mistake. axb3 was best.} (28... axb3
) 29. Rg5 $4 {[%eval -297,0] Blunder. Re4 was best.} (29. Re4 axb3 30. Rd3 Rc4
31. Rxb3 Nf4+ 32. Kf1 Nh3 33. Rxc4 bxc4 34. Rb7 Bxf2 35. Ne4 Bxe1) 29... Nf4+ {
[%eval -145,0]} 30. Kf3 $2 {[%eval -376,0] Mistake. Kh2 was best.} (30. Kh2)
30... Nh3 {[%eval -371,0]} 31. bxa4 $6 {[%eval -452,0] Inaccuracy. Kg2 was
best.} (31. Kg2 Nxg5) 31... bxa4 {[%eval -463,0]} 32. Rh5 {[%eval -544,0]} Rc4
{[%eval -568,0]} 33. Ne4 {[%eval -789,0]} Rb8 $6 {[%eval -463,0] Inaccuracy.
Ng1+ was best.} (33... Ng1+) 34. Nd3 Rb3 35. Nd6 Rf4+ 36. Kg2 Rxf2+ 37. Nxf2
Nf4+ 38. Kf1 Nxh5 39. Nfe4 Ng4 40. Ng5 Be3 41. Rg2 Nf4 42. Rc2 Rb8 43. Ndxf7
Bd4 44. Bc1 Ne3+ 45. Bxe3 Bxe3 46. Re2 Nxe2 47. Kxe2 Rb3 48. Nd6 Bxg5 49. hxg5
Rxa3 50. Ne4 Rh3 51. Kd2 a3 52. Kc2 Re3 53. Nd6 Rxe5 54. g6 Rd5 55. Ne4 Rb5 56.
Nc3 Rc5 57. Kb3 Rxc3+ 58. Kxc3 Kf8 59. Kb3 Ke7 60. Kxa3 Kf6 0-1